00492nam a22001572 4500001001100000005001700011008004100028040001500069100003200084245011900116250001300235260003300248300001800281600003200299852000300331000000970520151217145851.0081119s xx 000 0 eng d aKABUcKABU1 aBurton, Isabel.@000014969714aThe Romance of Isabel Lady Burton :bthe story of her life /ctld in part by herself and in part by W. H. Wilkins. a1st ed. aLondon :bHutchinson,c1898. axvii, 778 p.10aBurton, Isabel.@00001496971